01063cam 2200301 a 450000100070000000500170000700800410002403500210006590600450008601000170013102000250014804000180017304100130019105000250020408200150022910000200024424000480026424501010031226000310041330000340044450000620047850400300054065000250057065000230059599100510061899100660066909900260073546283320010725171033.0840913s1985 nyua b 000 0 eng  9(DLC) 83040648 a7bcbccorignewd1eocipf19gy-gencatlg a 83040648  a0670373958 :c$28.95 aDLCcDLCdDLC1 aenghfre00aQA141.2b.I3613 198500a513/.52191 aIfrah, Georges.10aHistoire universelle des chiffres.lEnglish10aFrom one to zero :ba universal history of numbers /cGeorges Ifrah ; translated by Lowell Bair. aNew York :bViking,c1985. axvi, 503 p. :bill. ;c25 cm. aTranslation of: Histoire universelle des chiffres. c1981. aBibliography: p. 499-502. 0aNumerationxHistory. 0aNumeralsxHistory. bc-GenCollhQA141.2i.I3613 1985tCopy 1wBOOKS br-MRRhQA141.2i.I3613 1985tCopy 2mAlcwGenBib bi 87-017817 aifrah-from-1072282274